000
00329nam a2200121Ia 4500
008
240624s9999 xx 000 0 und d
041
_a
eng
082
_a
658.408 FER
100
_a
FERNANDO A C
245
_a
CORPORATE GOVERNANCE PRINCIPLES POLICIES
260
_c
2009
_a
New Delhi
_b
Pearson Education
300
_a
575 : p. : cm. ; 24
999
_c
13270
_d
13270